000
00349nam a2200145Ia 4500
008
230718s9999 xx 000 0 und d
041
_a
Eng.
082
_a
425
_b
BUT-A
100
_a
Butt-D&- Nasim Riaz
245
2
_a
A selection of heat stroies
260
_a
Pakistan
_b
the catalan bert hea
_c
2009
300
_a
296
650
_a
Law
999
_c
26283
_d
26283